[Event "Stay Safe Play From Home 186"]
[Site "T#646431Emanuel Laske"]
[Date "2020.05.29"]
[Round "1"]
[White "Little champs"]
[Black "Timbre"]
[Result "1-0"]
[WhiteElo "2278"]
[BlackElo "1698"]
[Annotator "TA"]
[PlyCount "89"]
[EventDate "2020.05.29"]
[EventType "swiss (blitz)"]

{[%evp 9,89,-1,7,-29,-30,-59,-33,-63,-32,-33,-41,-47,-47,-129,-110,-201,-129,-136,-128,-129,-67,-84,-62,-61,-36,-157,-115,-190,-198,-180,-145,-295,-302,-1607,-318,-318,-287,-983,-193,-304,-193,-171,-148,-134,-162,-143,-158,-228,-202,-324,-91,-170,-168,-155,0,-146,0,-133,0,-155,-80,-89,0,-103,-67,-63,-27,-63,0,0,0,0,0,0,0,0,0,0,0,0,0,0]} 1. d4 d5 2. e3 c6 3. c4 Nf6 4. cxd5 cxd5 5. Nc3 Nc6 {[#]} 6. h4 $146 {D10: Slav Defence: 3 cxd5 (without early Nf3) and 3 Nc3.} ({Predecessor:} 6. Bd3 a6 7. f4 Bg4 8. Nf3 e6 9. O-O Be7 10. Bd2 O-O 11. Rc1 Rc8 12. Be1 Na5 13. h3 Bxf3 14. Qxf3 {½-½ (22) Hengelbrock,J (2310)-Schlecht,D (2376) Germany 2017}) 6... h6 7. g3 a6 8. Bh3 {Black is slightly better.} Bxh3 9. Nxh3 e6 10. Nf4 Bd6 11. g4 ({Better is} 11. Nh5 $15) 11... Qc7 12. Qf3 (12. Kf1 $17) 12... Nb4 13. Qe2 Bxf4 14. exf4 O-O-O (14... Qc4 $17 15. O-O Qxe2 16. Nxe2 Nxg4) 15. a3 $15 Nc6 16. Be3 Na5 17. Kd1 (17. Na4 $15) 17... Kb8 18. Kc2 (18. Rc1 $17) 18... Ne4 $19 19. Qd3 Rc8 {Threatens to win with ...Qb6.} 20. Rhc1 (20. Kb1 $17) 20... Qb6 21. Ra2 $2 {[#]} (21. Kb1) 21... Qb3+ $2 (21... Rxc3+ $1 {[%mdl 512]} 22. Qxc3 (22. bxc3 Qb3#) 22... Nxc3 23. bxc3 Qb3+ {[%mdl 64] Double Attack} 24. Kd2 Qxa2+ 25. Ke1 Qxa3) 22. Kb1 Nc4 23. Qc2 $2 {[#]} (23. Ka1) 23... Qb6 $2 (23... Nxe3 $1 {[%mdl 512]} 24. Qxb3 (24. fxe3 Nxc3+) 24... Nd2+ {[%mdl 64] Double Attack} 25. Ka1 Nxb3+ 26. Kb1 Nxc1 27. Kxc1 Nxg4) 24. Ka1 (24. Qe2 $142 Nxe3 25. Nxe4 Rxc1+ 26. Kxc1 Qxd4 27. Qxe3 Rc8+ 28. Nc3) 24... Nxe3 25. fxe3 Rc6 26. a4 Rhc8 27. Ra3 Qb4 {aiming for ...Qxa3+!} 28. Qb3 (28. Ka2 $17 {was necessary.}) 28... Qa5 29. Rc2 (29. Qd1 {is a better defense.}) 29... Nxc3 $2 (29... Nd6 $19 {And now ...Nc4 would win.} 30. Qa2 Nc4) 30. bxc3 (30. Rxc3 $17 Rxc3 31. bxc3) 30... Rb6 31. Qa2 Rbc6 $2 (31... Rc4 $17 32. h5 Rbc6) 32. Qb2 (32. Qb3 $11 {was the only way to keep the balance.}) 32... Rb6 33. Qa2 $1 Rbc6 ({Black should play} 33... Rc4 $17 34. g5 hxg5 35. hxg5 Rbc6) 34. Kb2 $2 (34. Qb3 $11) 34... Qb6+ (34... Ka7 $142 35. Qa1 Rc4) 35. Rb3 $17 Qa5 ({Black should try} 35... Qd8 $17 36. g5 Qh8) 36. Qa3 (36. Ra3 $1 $11) 36... Rc4 37. Rb4 Qc7 38. Qb3 Rxb4 (38... Rc6 $15) 39. cxb4 $15 {[%mdl 4096] Endgame KQR-KQR. The position is equal.} Qd7 40. Rc5 Rxc5 41. bxc5 Qc6 42. a5 Ka8 43. Qb6 Kb8 44. Qxc6 bxc6 45. h5 {[%mdl 32768] Black had all chances to win. Accuracy: White = 33%, Black = 41%. . Loss on time!?} 1-0

[Event "Stay Safe Play From Home 186"]
[Site "T#646431Emanuel Laske"]
[Date "2020.05.29"]
[Round "1"]
[White "Lazieri3"]
[Black "Oligodervz41"]
[Result "1-0"]
[WhiteElo "2041"]
[BlackElo "1515"]
[Annotator "NA RC"]
[PlyCount "55"]
[EventDate "2020.05.29"]
[EventType "swiss (blitz)"]

1. e4 {[%emt 0:00:03]} c5 {[%emt 0:00:02]} 2. Nc3 {[%emt 0:00:01]} e6 {[%emt 0:00:02]} 3. Nf3 {[%emt 0:00:13]} Nc6 {[%emt 0:00:05]} 4. d3 {[%emt 0:00:01]} d6 {[%emt 0:00:03]} 5. Be3 {[%emt 0:00:01]} Nf6 {[%emt 0:00:02]} 6. Qd2 {[%emt 0:00:01]} Be7 {[%emt 0:00:01]} 7. h3 {[%emt 0:00:02]} O-O {[%emt 0:00:01]} 8. g3 {[%emt 0:00:01]} a6 {[%emt 0:00:05]} 9. Bg2 {[%emt 0:00:01]} b5 {[%emt 0:00:01]} 10. O-O {[%emt 0:00:01]} d5 {[%emt 0:00:06]} 11. exd5 {[%emt 0:00:01]} exd5 {[%emt 0:00:02]} 12. d4 {[%emt 0:00:01] Oligodervz41 reconnected.} c4 {[%emt 0:00:02]} 13. Ne5 {[%emt 0:00:03]} Qc7 {[%emt 0:00:10]} 14. Bf4 {[%emt 0:00:05]} Nh5 {[%emt 0:00:10]} 15. Nxc6 {[%emt 0:00:11]} Nxf4 {[%emt 0:00:02]} 16. Nxe7+ {[%emt 0:00:04]} Qxe7 {[%emt 0:00:04]} 17. Qxf4 {[%emt 0:00:01]} Be6 {[%emt 0:00:24]} 18. Bxd5 {[%emt 0:00:06]} Bxd5 {[%emt 0:00:01]} 19. Nxd5 {[%emt 0:00:00]} Qe2 {[%emt 0:00:04]} 20. Rac1 {[%emt 0:00:11]} Rad8 {[%emt 0:00:02]} 21. Ne7+ {[%emt 0:00:04]} Kh8 {[%emt 0:00:03]} 22. Nf5 {[%emt 0:00:00]} Rfe8 {[%emt 0:00:13]} 23. Rfe1 {[%emt 0:00:07]} Qxe1+ {[%emt 0:00:03]} 24. Rxe1 {[%emt 0:00:00]} Rxe1+ {[%emt 0:00:01]} 25. Kg2 {[%emt 0:00:00]} Rde8 {[%emt 0:00:03]} 26. d5 {[%emt 0:00:03]} R1e4 {[%emt 0:00:06]} 27. Qg5 {[%emt 0:00:05]} f6 {[%emt 0:00:02]} 28. Qxg7# {[%emt 0:00:01] (Lag: Av=1.57s, max=16.9s)} 1-0

[Event "Stay Safe Play From Home 186"]
[Site "T#646431Emanuel Laske"]
[Date "2020.05.29"]
[Round "1"]
[White "Haris kollari 13"]
[Black "W Nelles"]
[Result "1-0"]
[WhiteElo "1917"]
[BlackElo "1253"]
[Annotator "NA RC"]
[PlyCount "45"]
[EventDate "2020.05.29"]
[EventType "swiss (blitz)"]

1. e4 {[%emt 0:00:01]} e5 {[%emt 0:00:01]} 2. Nf3 {[%emt 0:00:01]} Nf6 {[%emt 0:00:01]} 3. Nc3 {[%emt 0:00:03]} Bc5 {[%emt 0:00:02]} 4. Bc4 {[%emt 0:00:01]} d6 {[%emt 0:00:01]} 5. d3 {[%emt 0:00:01]} O-O {[%emt 0:00:01]} 6. h3 {[%emt 0:00:01]} c6 {[%emt 0:00:04]} 7. Bg5 {[%emt 0:00:01]} b5 {[%emt 0:00:02]} 8. Bb3 {[%emt 0:00:01]} a5 {[%emt 0:00:02]} 9. a4 {[%emt 0:00:01]} b4 {[%emt 0:00:01]} 10. Ne2 {[%emt 0:00:01]} h6 {[%emt 0:00:02]} 11. Bh4 {[%emt 0:00:03]} g5 {[%emt 0:00:02]} 12. Bg3 {[%emt 0:00:02]} g4 {[%emt 0:00:04]} 13. hxg4 {[%emt 0:00:03]} Nxg4 {[%emt 0:00:02]} 14. Qd2 {[%emt 0:00:04]} Qf6 {[%emt 0:00:07]} 15. Bh4 {[%emt 0:00:16]} Qg6 {[%emt 0:00:06]} 16. Bg3 {[%emt 0:00:04]} Nd7 {[%emt 0:00:10]} 17. Nh4 {[%emt 0:00:01]} Qg5 {[%emt 0:00:02]} 18. Qxg5+ {[%emt 0:00:05]} hxg5 {[%emt 0:00:02]} 19. Nf5 {[%emt 0:00:01]} Ndf6 {[%emt 0:00:07]} 20. Ne7+ {[%emt 0:00:05]} Kg7 {[%emt 0:00:03]} 21. Nf5+ {[%emt 0:00:07]} Kg6 {[%emt 0:00:04]} 22. f3 {[%emt 0:00:06]} Ne3 {[%emt 0:00:03]} 23. Rh6# {[%emt 0:00:02] (Lag: Av=0.49s, max=0.9s)} 1-0

[Event "Stay Safe Play From Home 186"]
[Site "T#646431Emanuel Laske"]
[Date "2020.05.29"]
[Round "1"]
[White "Tunca"]
[Black "Weltszmerc"]
[Result "1-0"]
[WhiteElo "1677"]
[BlackElo "2061"]
[Annotator "TA"]
[PlyCount "121"]
[EventDate "2020.05.29"]
[EventType "swiss (blitz)"]

{[%evp 9,121,14,21,20,25,11,16,8,62,42,63,47,62,-2,12,-1,0,-13,-10,-12,-23,-56,-49,-110,-111,-156,-157,-151,-154,-149,-151,-177,-121,-340,-307,-297,-291,-349,-262,-293,-281,-276,-240,-233,-131,-252,-228,-257,-246,-261,-197,-206,-207,-205,-150,-240,-148,-292,-275,-309,-322,-314,-293,-333,-237,-274,-239,-333,-331,-597,-584,-583,-573,-571,-559,-720,-625,-1782,-1053,-950,-904,-29942,-29943,-29948,-29938,-29946,-1439,-6079,-2923,-2436,-2496,-2082,-1927,-1201,-904,-29964,-29964,-29970,-29971,-29971,-29968,-29968,-29961,-29969,-29967,-29940,-5591,-29975,-29972,-29976,-12839,-6079,-5995,-5106]} 1. e4 Nf6 2. Nc3 d5 3. exd5 Nxd5 4. d4 c6 5. Bd3 g6 6. Nf3 {B02: Alekhine's Defence: Chase Variation and lines with early Nc3.} Bg7 7. O-O O-O 8. h3 {The position is equal.} Nd7 {[#]} (8... Nxc3 $11 9. bxc3 c5) 9. Re1 $146 ({Predecessor:} 9. Nxd5 cxd5 10. c3 Nb6 11. Re1 e6 12. Bf4 Bd7 13. Qb3 Bc6 14. a4 Nd7 15. a5 {1-0 (67) Sumir,L (2112)-Lebel Arias,J (1986) Mallorca 2004}) 9... Nxc3 10. bxc3 e6 11. Ba3 (11. a4 $14) 11... Re8 12. Qd2 Qc7 13. Qg5 b6 14. Qh4 c5 15. Ng5 {[#] And now Be4 would win.} Nf6 16. Be4 (16. dxc5 $15 h6 17. Ne4 Nxe4 18. Bxe4) 16... Rb8 $17 17. Rad1 h6 18. Nf3 Nxe4 19. Qxe4 Bb7 $36 {[%mdl 2048] Black is in control.} 20. Qg4 Rbd8 (20... h5 $19 21. Qg3 Qxg3 22. fxg3 cxd4 23. cxd4 Rbc8) 21. Qh4 $2 {Loses the game.} (21. Ne5 $17) 21... Bxf3 22. gxf3 cxd4 23. cxd4 Qxc2 24. Bc1 Qxa2 25. Bxh6 Bxh6 26. Qxh6 {Threatens to win with Re4.} Rd5 ({Better is} 26... Qc2 $19 27. Kg2 Qf5) 27. Kg2 (27. Ra1 $17 {was the only chance.} Qb2 28. Rxa7 Qxd4 29. Re4) 27... Qc2 28. Rc1 Qf5 29. Rc7 Qg5+ 30. Qxg5 Rxg5+ $19 {[%mdl 4096] Endgame KRR-KRR} 31. Kf1 Ra5 32. Rec1 (32. Rb7 $17) 32... Kf8 33. Kg2 (33. Rd7 $17) 33... Re7 34. Kg3 Rxc7 35. Rxc7 {KR-KR} Kg7 36. Kf4 Kf6 37. Ke4 Ra4 38. f4 b5 {[%cal Bb6b5,Bb5b4,Bb4b3][%mdl 32]} 39. f3 $2 (39. Rb7 b4 40. d5) 39... a5 {[%cal Ba7a5,Ba5a4][%mdl 32]} 40. Rb7 b4 41. Kd3 Ra3+ 42. Ke4 b3 43. d5 exd5+ 44. Kxd5 a4 45. Ke4 Ra1 46. Rb6+ Kg7 47. Kd3 Ra2 (47... Rd1+ $142 48. Ke2 Rh1 49. Kd2 a3 50. Rxb3 a2 51. Ra3 a1=Q 52. Rxa1 Rxa1 53. Ke3 Kf6 54. Kd3 Kf5 55. Ke3 Ra3+ 56. Kd4 Rxf3 57. Kd5 Rxh3 58. Kd6 Kxf4 59. Kc6 g5 60. Kd6 g4 61. Kd5 g3 62. Kc6 g2 63. Kd7 g1=Q 64. Ke7 Rh8 65. Kd6 Rc8 66. Ke7 Qg6 67. Kd7 Qe6#) 48. Kc3 {[#]} Rf2 (48... b2 $142 $1 {[%mdl 512]} 49. f5 (49. Rxb2 Rxb2) 49... a3 50. fxg6 f6) 49. Kb4 Rxf3 50. Kxa4 Rxh3 51. Ka3 Rf3 52. Kb2 Rxf4 53. Kxb3 f5 54. Kc3 Kh6 55. Kd3 Kg5 56. Ke3 Re4+ 57. Kf3 Kh5 (57... Ra4 $142 58. Rb3 Ra5 59. Rc3 f4 60. Rc4 Ra3+ 61. Ke2 Kg4 62. Kd2 g5 63. Re4 Kg3 64. Re1 f3 65. Rg1+ Kf4 66. Rb1 g4 67. Rb4+ Kg3 68. Kc2 f2 69. Rb1 Rf3 70. Rh1 f1=Q 71. Rxf1 Rxf1 72. Kc3 Kf4 73. Kd3 g3 74. Kd4 Rc1 75. Kd5 g2 76. Ke6 g1=Q 77. Kf6 Qb6+ 78. Ke7 Rc7+ 79. Kf8 Qb8#) 58. Kg2 Ra4 59. Rb8 Ra2+ (59... Kg4 $142 60. Rb2 f4 61. Kf2 g5 62. Rd2 f3 63. Kg1 Kf4 64. Rb2 g4 65. Kf2 g3+ 66. Ke1 Ra1+ 67. Kd2 g2 68. Rb4+ Kg3 69. Rb6 g1=Q 70. Rg6+ Kf2 71. Rxg1 Kxg1 72. Ke3 f2 73. Ke4 f1=Q 74. Kd5 Qb5+ 75. Kd4 Ra4+ 76. Kc3 Kf2 77. Kc2 Rc4+ 78. Kd3 Qd5#) 60. Kf3 Kg5 61. Ke3 {[%mdl 32768] Accuracy: White = 36%, Black = 72%. . Sensor Board Error (Ke4/e5)?} 1-0

[Event "Stay Safe Play From Home 186"]
[Site "T#646431Emanuel Laske"]
[Date "2020.05.29"]
[Round "1"]
[White "Tobo Rubirosa"]
[Black "Don59as"]
[Result "0-1"]
[WhiteElo "1671"]
[BlackElo "2045"]
[Annotator "NA RC"]
[PlyCount "38"]
[EventDate "2020.05.29"]
[EventType "swiss (blitz)"]

1. d4 {[%emt 0:00:02]} d5 {[%emt 0:00:01]} 2. Nf3 {[%emt 0:00:02]} g6 {[%emt 0:00:03]} 3. c4 {[%emt 0:00:02]} e6 {[%emt 0:00:01]} 4. g3 {[%emt 0:00:03]} Bg7 {[%emt 0:00:01]} 5. Bg2 {[%emt 0:00:01]} Ne7 {[%emt 0:00:01]} 6. O-O {[%emt 0:00:02]} O-O {[%emt 0:00:01]} 7. cxd5 {[%emt 0:00:02]} exd5 {[%emt 0:00:02]} 8. Nc3 {[%emt 0:00:04]} c6 {[%emt 0:00:01]} 9. Bf4 {[%emt 0:00:06]} h6 {[%emt 0:00:02]} 10. Ne5 {[%emt 0:00:03]} Nd7 {[%emt 0:00:04]} 11. Nxd7 {[%emt 0:00:02]} Bxd7 {[%emt 0:00:01]} 12. Qd2 {[%emt 0:00:02]} Nf5 {[%emt 0:00:12]} 13. Be5 {[%emt 0:00:20]} f6 {[%emt 0:00:07]} 14. Bf4 {[%emt 0:00:06]} g5 {[%emt 0:00:06]} 15. Be3 {[%emt 0:00:01]} Re8 {[%emt 0:00:10]} 16. Rac1 {[%emt 0:00:06]} Qe7 {[%emt 0:00:06]} 17. Bh3 {[%emt 0:00:19]} Nxe3 {[%emt 0:00:12]} 18. Bxd7 {[%emt 0:00:08]} Nxf1 {[%emt 0:00:15]} 19. Rxf1 {[%emt 0:00:05]} Qxd7 {[%emt 0:00:01] Tobo Rubirosa rinde (Lag: Av=0.65s, max=1.0s)} 0-1

[Event "Stay Safe Play From Home 186"]
[Site "T#646431Emanuel Laske"]
[Date "2020.05.29"]
[Round "1"]
[White "Raja3652016"]
[Black "Archi-ak"]
[Result "0-1"]
[WhiteElo "1400"]
[BlackElo "1859"]
[Annotator "NA RC"]
[PlyCount "84"]
[EventDate "2020.05.29"]
[EventType "swiss (blitz)"]

1. d4 {[%emt 0:01:31]} Nf6 {[%emt 0:00:03]} 2. e3 {[%emt 0:00:02]} g6 {[%emt 0:00:02]} 3. Nf3 {[%emt 0:00:00]} Bg7 {[%emt 0:00:01]} 4. Be2 {[%emt 0:00:01]} O-O {[%emt 0:00:01]} 5. O-O {[%emt 0:00:03]} d6 {[%emt 0:00:01]} 6. c4 {[%emt 0:00:03]} Nc6 {[%emt 0:00:01]} 7. Nc3 {[%emt 0:00:00]} e5 {[%emt 0:00:01]} 8. dxe5 {[%emt 0:00:01]} dxe5 {[%emt 0:00:00]} 9. e4 {[%emt 0:00:01]} Be6 {[%emt 0:00:04]} 10. b3 {[%emt 0:00:02]} Qe7 {[%emt 0:00:03]} 11. Bb2 {[%emt 0:00:01]} Rad8 {[%emt 0:00:01]} 12. Qc1 {[%emt 0:00:01]} Rfe8 {[%emt 0:00:04]} 13. Re1 {[%emt 0:00:01]} Nd4 {[%emt 0:00:09]} 14. Nxd4 {[%emt 0:00:06]} exd4 {[%emt 0:00:00]} 15. Nd5 {[%emt 0:00:01]} Bxd5 {[%emt 0:00:04]} 16. exd5 {[%emt 0:00:03]} c5 {[%emt 0:00:04]} 17. Bf1 {[%emt 0:00:04]} Qd6 {[%emt 0:00:10]} 18. Qd2 {[%emt 0:00:01]} Ne4 {[%emt 0:00:05]} 19. Qe2 {[%emt 0:00:07]} f5 {[%emt 0:00:06]} 20. f3 {[%emt 0:00:02]} Nf6 {[%emt 0:00:01]} 21. Qd2 {[%emt 0:00:01]} b6 {[%emt 0:00:02]} 22. Rxe8+ {[%emt 0:00:01]} Rxe8 {[%emt 0:00:01]} 23. Re1 {[%emt 0:00:00]} Qd7 {[%emt 0:00:12]} 24. Rxe8+ {[%emt 0:00:03]} Qxe8 {[%emt 0:00:00]} 25. Qe2 {[%emt 0:00:01]} Qd7 {[%emt 0:00:05]} 26. g3 {[%emt 0:00:03]} Kf7 {[%emt 0:00:05]} 27. Bg2 {[%emt 0:00:02]} Bh6 {[%emt 0:00:03]} 28. f4 {[%emt 0:00:04]} Ng4 {[%emt 0:00:04]} 29. Bf3 {[%emt 0:00:03]} Ne3 {[%emt 0:00:02]} 30. Bc1 {[%emt 0:00:03]} Qe7 {[%emt 0:00:11]} 31. Bxe3 {[%emt 0:00:02]} dxe3 {[%emt 0:00:01]} 32. Kf1 {[%emt 0:00:02]} Bg7 {[%emt 0:00:01]} 33. Kg2 {[%emt 0:00:01]} Bd4 {[%emt 0:00:01]} 34. h3 {[%emt 0:00:02]} h6 {[%emt 0:00:03]} 35. h4 {[%emt 0:00:01]} g5 {[%emt 0:00:02]} 36. hxg5 {[%emt 0:00:02]} hxg5 {[%emt 0:00:00]} 37. fxg5 {[%emt 0:00:01]} Qxg5 {[%emt 0:00:00]} 38. Bh5+ {[%emt 0:00:05]} Kg7 {[%emt 0:00:01]} 39. g4 {[%emt 0:00:04]} f4 {[%emt 0:00:04]} 40. Kf3 {[%emt 0:00:01]} Be5 {[%emt 0:00:09]} 41. Qd3 {[%emt 0:00:02]} Qf6 {[%emt 0:00:07]} 42. Qe4 {[%emt 0:00:02]} a6 {[%emt 0:00:09] Time (Lag: Av=0.88s, max=2.9s)} 0-1

[Event "Stay Safe Play From Home 186"]
[Site "T#646431Emanuel Laske"]
[Date "2020.05.29"]
[Round "2"]
[White "Lamborghini"]
[Black "Justwatch"]
[Result "1-0"]
[WhiteElo "2199"]
[BlackElo "1470"]
[Annotator "TA"]
[PlyCount "63"]
[EventDate "2020.05.29"]
[EventType "swiss (blitz)"]

{[%evp 9,63,56,104,105,92,59,89,77,81,81,581,585,838,835,820,612,618,590,721,724,731,681,781,779,798,779,828,839,841,836,875,856,910,844,934,930,950,972,1301,1299,1290,1297,1265,1254,1282,1262,1486,1482,1458,1452,1630,1149,1149,1132,1057,1035]} 1. e4 Nf6 2. e5 Nd5 3. d4 d6 4. Nf3 Nb6 5. a4 {[%cal Ba2a4,Ba4a5][%mdl 32]} Bg4 6. a5 {B04: Alekhine's Defence: 4 Nf3.} N6d7 {[#]} 7. e6 $146 ({Predecessor:} 7. exd6 exd6 8. Bd3 Nc6 9. c3 Qf6 10. Nbd2 Qe6+ 11. Be2 O-O-O 12. O-O Re8 13. Re1 {1-0 (33) Yakunin,A (2360)-Kutynec,V (2259) Pardubice 2011}) 7... fxe6 8. h3 {White is better.} Bxf3 9. Qxf3 g6 $2 {[%mdl 8192] [#] Now Black is done in.} (9... Nc6 $16) 10. Qxb7 $18 {White is clearly winning.} Nf6 {Now ...Nbd7 and Black clings on.} 11. Qxa8 Bg7 12. Qf3 O-O 13. Qe2 Nbd7 14. Qxe6+ Kh8 15. Bd3 Rg8 16. O-O Nf8 17. Qe2 N6d7 18. c3 e6 19. Na3 {[%cal Bb1a3,Ba3c2,Bc2e3,Be3g4][%mdl 32]} Nf6 20. Nc2 Qd7 21. Ne3 Nh5 22. Ng4 Qe7 23. Re1 Nd7 24. Qxe6 Qxe6 25. Rxe6 Ndf6 26. Nxf6 Nxf6 27. Bd2 Nd5 28. Rae1 Rf8 29. Re8 Kg8 30. Rxf8+ Kxf8 31. c4 Ne7 32. b4 1-0

[Event "Stay Safe Play From Home 186"]
[Site "T#646431Emanuel Laske"]
[Date "2020.05.29"]
[Round "2"]
[White "Don59as"]
[Black "Haris kollari 13"]
[Result "1-0"]
[WhiteElo "2049"]
[BlackElo "1918"]
[Annotator "NA RC"]
[PlyCount "59"]
[EventDate "2020.05.29"]
[EventType "swiss (blitz)"]

1. c4 {[%emt 0:00:02]} e6 {[%emt 0:00:01]} 2. e4 {[%emt 0:00:02]} b6 {[%emt 0:00:01]} 3. Nc3 {[%emt 0:00:01]} Bb7 {[%emt 0:00:01]} 4. g3 {[%emt 0:00:00]} Be7 {[%emt 0:00:01]} 5. Bg2 {[%emt 0:00:01]} e5 {[%emt 0:00:01]} 6. Nge2 {[%emt 0:00:01]} c5 {[%emt 0:00:01]} 7. O-O {[%emt 0:00:01]} d6 {[%emt 0:00:01]} 8. d3 {[%emt 0:00:00]} Nc6 {[%emt 0:00:03]} 9. f4 {[%emt 0:00:03]} f6 {[%emt 0:00:01]} 10. Be3 {[%emt 0:00:01]} Nd4 {[%emt 0:00:06]} 11. Qd2 {[%emt 0:00:01]} Qd7 {[%emt 0:00:01]} 12. h4 {[%emt 0:00:20]} Qg4 {[%emt 0:00:05]} 13. Kh2 {[%emt 0:00:01]} Bc8 {[%emt 0:00:02]} 14. Ng1 {[%emt 0:00:15]} Qh5 {[%emt 0:00:11]} 15. Bxd4 {[%emt 0:00:23]} cxd4 {[%emt 0:00:07]} 16. Nd5 {[%emt 0:00:01]} Bd8 {[%emt 0:00:01]} 17. Qb4 {[%emt 0:00:13]} Be7 {[%emt 0:00:10]} 18. Nc7+ {[%emt 0:00:09]} Kd7 {[%emt 0:00:01]} 19. Nxa8 {[%emt 0:00:02]} Bb7 {[%emt 0:00:01]} 20. Qa4+ {[%emt 0:00:03]} Kc8 {[%emt 0:00:03]} 21. Qxa7 {[%emt 0:00:04]} Nh6 {[%emt 0:00:05]} 22. Nxb6+ {[%emt 0:00:04]} Kc7 {[%emt 0:00:01]} 23. Nd5+ {[%emt 0:00:05]} Kc8 {[%emt 0:00:10]} 24. Nxe7+ {[%emt 0:00:02]} Kd7 {[%emt 0:00:01]} 25. Qxb7+ {[%emt 0:00:01]} Ke6 {[%emt 0:00:02]} 26. f5+ {[%emt 0:00:06]} Kf7 {[%emt 0:00:01]} 27. Ng6+ {[%emt 0:00:08]} Kg8 {[%emt 0:00:09]} 28. Qc8+ {[%emt 0:00:06]} Kf7 {[%emt 0:00:01]} 29. Qd7+ {[%emt 0:00:03]} Kg8 {[%emt 0:00:01]} 30. Qe8# {[%emt 0:00:01] (Lag: Av=0.45s, max=0.5s)} 1-0

[Event "Stay Safe Play From Home 186"]
[Site "T#646431Emanuel Laske"]
[Date "2020.05.29"]
[Round "2"]
[White "Lazieri3"]
[Black "Tunca"]
[Result "1-0"]
[WhiteElo "2043"]
[BlackElo "1707"]
[Annotator "TA"]
[PlyCount "99"]
[EventDate "2020.05.29"]
[EventType "swiss (blitz)"]

{[%evp 9,99,-24,-19,-30,-40,-29,-33,-53,-10,-31,0,-18,-14,-3,0,0,-4,-12,-3,-31,0,-1,0,-8,7,5,77,0,0,-50,-75,-321,-313,-469,-482,-468,-457,-472,-465,-467,-461,-484,-484,-552,-479,-473,-475,-489,-466,-467,-470,-592,-495,-558,-500,-559,-404,-406,-412,-431,-422,-453,-449,-399,-389,-366,-302,-378,-283,-281,-291,-289,-34,-34,-33,-33,-33,-33,0,0,0,0,0,0,0,-29987,0,0,0,0,29988,29988]} 1. e4 Nf6 2. Nc3 e6 3. Nf3 Bb4 4. d3 d5 5. exd5 exd5 6. Bd2 {B02: Alekhine's Defence: Chase Variation and lines with early Nc3.} O-O 7. Be2 Re8 8. O-O {Black is slightly better.} Bg4 {[#]} 9. Nd4 $146 ({Predecessor:} 9. a3 Bd6 10. Bg5 c6 11. Qd2 Nbd7 12. d4 Qc7 13. g3 h6 14. Bxf6 Nxf6 15. Bd3 Bxf3 16. Rfe1 Qd7 17. Re3 Qh3 18. Rxf3 Ng4 19. Kh1 Qxh2# {0-1 (19) Pena,M-Cardozo Munar,C (2118) Bogota 2015}) 9... Bxe2 (9... c5 {feels hotter.} 10. Bxg4 cxd4 11. Nb1 Qb6 12. Bf4 Nc6) 10. Ncxe2 Bxd2 11. Qxd2 c5 12. Nf3 Nc6 13. Ng3 Qd7 14. d4 b6 15. c3 Rad8 16. Rfe1 Qg4 17. h3 Qg6 (17... Qc8 $11 {remains equal.}) 18. Rad1 (18. Nh4 $16 Qh6 19. Qxh6 gxh6 20. Nhf5) 18... Ne4 $11 19. Nxe4 (19. Qe3 {with more complications.} Kf8 20. Qf4 Nxg3 21. Rxe8+ Rxe8 22. fxg3 Re4 23. Qc7) 19... dxe4 20. Ng5 $2 (20. Qe3 $17) 20... cxd4 $19 21. Rxe4 (21. cxd4 {keeps fighting.} h6 22. Nxf7 Qxf7 23. d5) 21... Rxe4 22. Nxe4 Qxe4 23. Re1 Qf5 24. cxd4 h6 25. Rd1 Rxd4 26. Qe1 Qd7 27. Rxd4 Nxd4 ({Less strong is} 27... Qxd4 28. Qe8+ Kh7 29. Qxc6 $17) 28. Qe5 Nc6 29. Qe2 Qe6 30. Qa6 Qe1+ 31. Kh2 {intending Qc8+.} Qe5+ 32. Kg1 {and the idea Qc8+ leaves White hopeful.} Qxb2 33. Qc8+ Kh7 34. Qxc6 Qxa2 {[%mdl 4096] Endgame KQ-KQ} 35. Qe4+ g6 36. h4 Qa1+ 37. Kh2 Qf6 38. Kg1 a5 39. h5 b5 40. hxg6+ fxg6 $2 ({Black should try} 40... Qxg6 $19 41. Qd5 b4 42. Qxa5 b3) 41. Qb7+ $15 Kg8 {aiming for ...Qa1+.} 42. Qxb5 Qa1+ 43. Kh2 a4 44. Qc6 Kg7 45. Qd7+ Kf6 46. Qc6+ Kf5 47. Qb5+ $2 {[%mdl 8192] [#]} (47. Qd7+ $11 Kf6 48. Qd6+ Kf5 49. Qd7+ Kf4 50. Qf7+ Ke4 51. Qb7+ Kf4 52. Qf7+ Kg5 53. Qd5+ Kf6 54. Qd6+ Kf7 55. Qd5+ Kg7 56. Qd7+ Kg8 57. Qd5+ Kg7 58. Qd7+) 47... Ke4 $2 (47... Qe5+ {mates} 48. Qxe5+ Kxe5 49. Kh3 a3 50. Kg4 a2 51. Kf3 a1=Q 52. Ke3 Qd4+ 53. Ke2 Qe4+ 54. Kf1 Kf4 55. Kg1 Qc2 56. Kh1 Qxf2 57. Kh2 {[#]} Qe2 $1 {[%mdl 512]} 58. Kh1 Kg3 59. Kg1 Qxg2#) 48. Qc6+ $11 Kd3 49. Qxg6+ {[%mdl 64] Double Attack} Kc3 $2 {[%mdl 8192]} (49... Kc4 $11) 50. Qf6+ {Accuracy: White = 61%, Black = 64%.} 1-0